| 000 | 00747nam a2200241 a 4500 | ||
|---|---|---|---|
| 001 | 000022261 | ||
| 003 | DO-SdBNP | ||
| 005 | 20260321073640.0 | ||
| 007 | ta | ||
| 008 | 100921s1994 dr 000 0 spa d | ||
| 040 |
_aDO-SdBNP _bspa _cBNPHU |
||
| 082 | 4 |
_a923.15694 _bD249B, 1994 _222 |
|
| 100 | 1 |
_a Bosch, Juan, _d1909-2001 _976555 |
|
| 245 | 1 | 0 |
_aDavid : _bbiografĂa de un rey / _cJuan Bosch. |
| 250 | _a10a ed. | ||
| 260 |
_aSanto Domingo : _bAlfa y Omega, _c1994. |
||
| 300 |
_a326 p. ; _c22 cm. |
||
| 590 | _aInventariado, 2020/VM | ||
| 600 | 1 | 4 |
_aDavid, _cRey de Israel _d1040-968 a de J. C. _9533 |
| 650 | 4 |
_aDavid _xReyes y soberanos _vBiografĂas _977237 |
|
| 910 | _aVMateo / Validado. Control de calidad MFF | ||
| 942 |
_2ddc _cLBS1 |
||
| 999 |
_c21759 _d21759 |
||